| 000 | 00804cab a2200229 4500 | ||
|---|---|---|---|
| 001 | ABS49591 | ||
| 008 | 090401t1993 xxu||||| |||| 00| 0 eng d | ||
| 035 | _a(Sirsi) u71877 | ||
| 041 | _aeng | ||
| 100 | _aMcNicholas, P. | ||
| 245 | _aSealed offers: the relevance of counter-offer,withdrawal and lapse | ||
| 260 | _c1993 | ||
| 350 | _a0 | ||
| 490 |
_aArbitration _v59(4) november 1993, 245-247(3) |
||
| 520 | _aLooks at the relevance of counter-offer, withdrawal and lapse of sealed offers in the exercise of the arbitrator`s discretion as to costs. | ||
| 650 | _aCALDERBANK OFFERS | ||
| 650 | _aSEALED OFFERS | ||
| 650 | _aTRAMOUNTANA | ||
| 690 | _aMANAGEMENT-DISPUTE AVOIDANCE, MANAGEMENT AND RESOLUTION-DISPUTE MANAGEMENT AND RESOLUTION-ARBITRATION | ||
| 942 | _n0 | ||
| 948 | _c04/03/1997 | ||
| 999 |
_c45339 _d45339 |
||